LIBRARY & INFORMATION CENTRE, KCAET, TAVANUR

ONLINE PUBLIC ACCESS CATALOGUE (OPAC)

IRRIGATION ENGINEERING | :THEORY AND PRACTICE (Record no. 17534)

MARC details
000 -LEADER
fixed length control field 00505nam a22001817a 4500
003 - CONTROL NUMBER IDENTIFIER
control field OSt
008 - FIXED-LENGTH DATA ELEMENTS--GENERAL INFORMATION
fixed length control field 220718b |||||||| |||| 00| 0 eng d
020 ## - INTERNATIONAL STANDARD BOOK NUMBER
ISBN 9789390175130
082 ## - DEWEY DECIMAL CLASSIFICATION NUMBER
Classification number 626.8
Item number PAN/IR
100 ## - MAIN ENTRY--AUTHOR NAME
Personal name PANIGRAHI, BALRAM
100 ## - MAIN ENTRY--AUTHOR NAME
Personal name AGRAWAL, P K
245 ## - TITLE STATEMENT
Title IRRIGATION ENGINEERING
Remainder of title :THEORY AND PRACTICE
260 ## - PUBLICATION, DISTRIBUTION, ETC. (IMPRINT)
Place of publication ;NEW DELHI
Name of publisher : NEW INDIA PUBLISHING AGENCY
Year of publication 2022
300 ## - PHYSICAL DESCRIPTION
Number of Pages VIII + 392
650 ## - SUBJECT ADDED ENTRY--TOPICAL TERM
Topical Term IRRIGATION - ENGINEERING
700 ## - ADDED ENTRY--PERSONAL NAME
Personal name AGRAWAL, P K
942 ## - ADDED ENTRY ELEMENTS (KOHA)
Koha item type Books
Holdings
Withdrawn status Lost status Damaged status Home library Current library Shelving location Date acquired Source of acquisition Cost, normal purchase price Full call number Accession Number Koha item type
      KAUAET KAUAET Scheme 11/07/2022 TBS PUBLISHERS AND DISTRIBUTERS 595.00 626.8 PAN/IR BB 651 Book Bank scheme for SC students
free website counter